000 00409nam a22001457a 4500
999 _c2711
_d2711
008 200313b ||||| |||| 00| 0 eng d
082 0 0 _a060
_bH6779
110 _92327
_aMinistry of Education, London
245 1 0 _aUNESCO and a world society
_cby Ministry of Education, London
260 _aLondon
_bHis Majesty's Stationery Office
_c1948
300 _a46 p.
365 _d0.12
650 0 _aUNESCO
942 _cBK